| 000 | 00000nam##2200000za#4500 |
| 001 | 9.639347 |
| 003 | CaOODSP |
| 005 | 20220328113315 |
| 007 | cr ||||||||||| |
| 008 | 150407|2002||||xxc|||||o f|0| 0 fre|d |
| 040 | |aCaOODSP|bfre |
| 043 | |an-cn--- |
| 086 | 1 |aC2-598/2001-2F-PDF |
| 110 | 1 |aCanada. |bIndustrie Canada. |
| 245 | 10|aBrevetabilité des formes de vie supérieures et enjeux connexes : |h[ressource électronique]|brapport adressé au Comité de coordination ministériel de la biotechnologie, gouvernement du Canada / |c[par le] Comité consultatif canadien de la biotechnologie. |
| 260 | |aOttawa - Ontario : |bIndustrie Canada |cJuin 2002. |
| 300 | |a65p.|bréférences, tableaux |
| 500 | |aLe n° de catalogue (C2-598-2001-2) et l'ISBN (0-662-66629-1) de l'édition imprimée bilingue ont été incorrectement copiés dans l'édition électronique. |
| 504 | |aBibliographie. |
| 590 | |a11-28-Supp|b2011-11-17 |
| 691 | 07|aBiotechnologie|2gcpds |
| 691 | 07|aBrevet|2gcpds |
| 691 | 07|aPolitique gouvernementale|2gcpds |
| 775 | 08|tPatenting of higher life forms and related issues : |w(CaOODSP)9.695201 |
| 776 | 0#|tPatenting of higher life forms and related issues : |w(CaOODSP)9.663825 |
| 776 | 0#|tBrevetabilité des formes de vie supérieures et enjeux connexes : |w(CaOODSP)9.663826 |
| 856 | 40|ahttp://publications.gc.ca|qPDF|s465 Ko|uhttps://publications.gc.ca/collections/Collection/C2-598-2001-2F.pdf |